Prežijeme alebo nás pohltia ?
Zvyšovanie počtu hypermarketov a veľkoplošných predajní sťažuje existenciu menších predajní a vytvára nepriaznivé podmienky na ich ďalší rozvoj. Problémy vo vzťahu k dodávateľom, zákazníkom, zamestnancom.
Salvato in:
| Autore principale: | |
|---|---|
| Natura: | Capitolo di libro |
| Lingua: | slovacco |
| Soggetti: | |
| Tags: |
Nessun Tag, puoi essere il primo ad aggiungerne!!
|
MARC
| LEADER | 00000naa$a2200000$$$4500 | ||
|---|---|---|---|
| 001 | 0003746 | ||
| 005 | 20231107125146.9 | ||
| 041 | 0 | |a slo | |
| 044 | |a SK | ||
| 245 | 1 | 0 | |a Prežijeme alebo nás pohltia ? |c aut. Andrea Hinková-Dibarborová |
| 520 | |a Zvyšovanie počtu hypermarketov a veľkoplošných predajní sťažuje existenciu menších predajní a vytvára nepriaznivé podmienky na ich ďalší rozvoj. Problémy vo vzťahu k dodávateľom, zákazníkom, zamestnancom. | ||
| 610 | 2 | 0 | |a predajne |
| 610 | 2 | 0 | |a maloobchod |
| 610 | 2 | 0 | |a hypermarkety |
| 610 | 2 | 0 | |a Slovensko |
| 100 | 1 | |a Hinková-Dibarborová, Andrea | |